01010 am a2200253 a 450000500170000000800410001702000150005804100080007310000200008124500500010125000110015126000510016230000110021350000860022465300330031065300320034365300640037565300670043965300720050665300790057865300370065765300400069465300220073420231227114908.0100811s2003||||ag a f |||| 000 0 spa d a9874367172 aspa1 aAmeri, Domingo. aAportes a la Neurología / cDomingo Ameri. a1a ed. aResistencia [Chaco ; Argentina]: bS/N;c2003. a208 p. aAmeri, D. (2003). Aportes a la neurología. (1a ed.). Resistencia [Chaco] : S/N. aGaba-B6 en epilepsia humana. aGabaterapia en la epilepsia aNeurotrasmisión. Sistema gaba. Aplicación terapéutica aMetabolismo del gaba. Pasaje de la Barrera Hemato Encefálica aEstudio encefalográfico en el ser humano durante el eclipse solar aComa cerebral como accidente posneumoencelografia tratado con Dexametasona aMano Coreica. Actitud del pulgar aSemiología de la Corea y Atetosis aFases del eclipse